Ruotsinkieliset miesten nimet - Statistics

Yleistilastot
  • Tätä visaa on pelattu 1 299 kertaa
  • Keskiarvotulos 162 / 352
Vastaustilastot
Nimi % Oikein
G4 Dan
89%
G4 Daniel
88%
G10 Johan
86%
G10 Jon
86%
G2 Ben
85%
G10 Jan
85%
G1 Alex
84%
G8 Hans
83%
G11 Karl
83%
G13 Mikael
83%
G18 Sam
83%
G19 Tom
83%
G13 Mark
81%
G1 Alexander
80%
G2 Benjamin
80%
G5 Erik
80%
G8 Henrik
78%
G15 Oskar
78%
G10 Johannes
77%
G11 Kalle
77%
G12 Lars
77%
G12 Leo
77%
G13 Markus
77%
G16 Paul
77%
G16 Peter
77%
G18 Samuel
77%
G2 Bo
76%
G5 Emil
76%
G6 Frans
75%
G6 Fred
75%
G1 Alf
74%
G1 Anton
74%
G4 David
74%
G7 Gustav
74%
G10 Jonas
74%
G12 Lukas
74%
G14 Niklas
74%
G19 Tim
74%
G11 Kim
73%
G11 Kristian
73%
G15 Oliver
73%
G22 Åke
72%
G2 Björn
72%
G5 Elias
72%
G7 Gabriel
72%
G15 Ola
72%
G10 Jakob
71%
G12 Leon
71%
G19 Tomas
71%
G8 Hannes
70%
G8 Harry
70%
G10 Janne
70%
G10 Jesper
70%
G19 Tommy
70%
G1 Adolf
69%
G1 Alvar
69%
G1 Anders
69%
G6 Felix
69%
G9 Isak
69%
G10 Joel
69%
G14 Noel
69%
G17 Ron
69%
G5 Edvin
68%
G5 Elmer
68%
G6 Fredrik
68%
G10 Jonatan
68%
G10 Julius
68%
G13 Martin
68%
G15 Olav
68%
G18 Simon
68%
G1 André
67%
G1 Axel
67%
G19 Tor
67%
G1 Albert
66%
G5 Edvard
66%
G8 Henry
66%
G10 Jasper
66%
G12 Lasse
66%
G20 Ulf
66%
G2 Bertil
65%
G11 Kasper
65%
G1 Adam
64%
G1 Andreas
64%
G17 Robert
64%
G18 Sebastian
64%
G22 William
64%
G7 Gunnar
63%
G10 Joakim
63%
G15 Otto
63%
G16 Patrik
63%
G21 Ville
63%
G1 Allan
62%
G10 Jim
62%
G15 Olle
62%
G21 Valdemar
62%
G21 Viktor
62%
G21 Vilhelm
62%
G1 Alfred
61%
G1 August
61%
G13 Mattias
61%
G14 Nils
61%
G17 Rasmus
61%
G10 Jens
60%
G13 Mats
60%
G15 Ossian
60%
G16 Per
60%
G17 Robin
60%
G6 Filip
59%
G9 Ivar
59%
G12 Leonard
59%
G17 Rafael
59%
G1 Arvid
58%
G5 Eliel
58%
G11 Ken
58%
G13 Max
58%
G17 Rolf
58%
G2 Bengt
57%
G7 Göran
57%
G10 Jeremias
57%
G12 Linus
57%
G8 Hugo
56%
G10 Jesse
56%
G1 Albin
55%
G1 Alfons
55%
G1 Artur
55%
G4 Dennis
55%
G5 Einar
55%
G6 Frank
55%
G19 Tony
55%
G11 Kaj
54%
G14 Nico
54%
G19 Tobias
54%
G21 Verner
54%
G2 Bror
53%
G7 Georg
53%
G5 Evert
52%
G8 Herman
52%
G10 Jimmy
52%
G11 Kennet
52%
G11 Kevin
52%
G11 Klaus
52%
G13 Milo
52%
G14 Noah
52%
G16 Petter
52%
G17 Rudolf
52%
G21 Valter
52%
G1 Abraham
51%
G1 Alvin
51%
G5 Elis
51%
G8 Hjalmar
51%
G15 Olof
51%
G17 Raul
51%
G18 Stefan
51%
G1 Arnold
50%
G7 Gösta
50%
G12 Liam
50%
G14 Neo
50%
G17 Ralf
50%
G4 Dag
49%
G10 Jerry
49%
G17 Ragnar
49%
G17 Ronald
49%
G1 Amos
48%
G2 Börje
48%
G9 Inge
48%
G10 John
48%
G13 Magnus
48%
G17 Ruben
48%
G18 Sven
48%
G19 Theo
48%
G1 Alexis
47%
G10 Josef
47%
G11 Kristoffer
47%
G12 Lennart
47%
G12 Levi
47%
G21 Valentin
47%
G1 Arne
46%
G1 Aron
46%
G10 Jörgen
46%
G15 Ole
46%
G17 Ronny
46%
G18 Sylvester
46%
G11 Krister
45%
G13 Manne
45%
G13 Mio
45%
G14 Nicolas
45%
G15 Ove
45%
G2 Benny
44%
G3 Charlie
44%
G11 Konstantin
44%
G11 Kurt
44%
G19 Tore
44%
G19 Torsten
44%
G9 Immanuel
43%
G17 Rikard
43%
G5 Eddie
42%
G9 Ingmar
42%
G10 Jarl
42%
G20 Uno
42%
G8 Helmer
41%
G16 Pontus
41%
G17 Rainer
41%
G1 Algot
40%
G10 Jean
40%
G18 Sten
40%
G19 Ture
40%
G1 Alarik
39%
G2 Bernhard
39%
G2 Bruno
39%
G3 Conny
39%
G19 Teodor
39%
G19 Torvald
39%
G1 Alec
38%
G9 Ingemar
38%
G10 Johnny
38%
G12 Leif
38%
G13 Måns
38%
G13 Marco
38%
G17 Rune
38%
G18 Staffan
38%
G18 Stig
38%
G4 Dick
37%
G13 Mårten
37%
G3 Colin
36%
G6 Ferdinand
36%
G8 Håkan
36%
G8 Herbert
36%
G10 Jörn
36%
G11 Kasimir
36%
G11 Knut
36%
G22 Zacharias
36%
G1 Adrian
35%
G13 Mauritz
35%
G18 Sture
35%
G5 Edgar
34%
G5 Eugen
34%
G8 Hampus
34%
G8 Holger
34%
G9 Ian
34%
G11 Kjell
34%
G11 Konrad
34%
G12 Ludvig
34%
G13 Melvin
34%
G17 Roger
34%
G20 Ulrik
34%
G2 Birger
33%
G6 Fabian
33%
G8 Hemming
33%
G12 Leopold
33%
G13 Moritz
33%
G15 Osvald
33%
G17 Runar
33%
G5 Emanuel
32%
G7 Gerhard
32%
G8 Helge
32%
G10 Jerker
32%
G13 Maximilian
32%
G17 Roland
32%
G17 Rufus
32%
G2 Boris
31%
G5 Ernst
31%
G8 Henning
31%
G10 Jack
31%
G11 Kent
31%
G19 Torbjörn
31%
G2 Bjarne
30%
G7 Göte
30%
G18 Svante
30%
G19 Tage
30%
G5 Elliot
29%
G6 Finn
28%
G9 Ingvar
28%
G11 Klas
28%
G21 Viggo
28%
G2 Bertel
27%
G7 Gert
27%
G16 Peik
27%
G17 Roy
27%
G7 Glenn
26%
G8 Halvar
26%
G9 Ingvald
26%
G10 Jöran
26%
G18 Sixten
26%
G22 Yngve
26%
G6 Folke
25%
G22 Örjan
25%
G22 Östen
24%
G9 Ingolf
23%
G18 Sigfrid
23%
G18 Sören
23%
G21 Volter
23%
G5 Ebbe
22%
G17 Rurik
22%
G20 Urban
22%
G2 Bernt
21%
G6 Frej
21%
G6 Fridolf
21%
G22 Wilmer
21%
G1 Atle
20%
G2 Brynolf
20%
G5 Ejvind
20%
G13 Milton
20%
G13 Morgan
20%
G17 Rabbe
20%
G5 Eskil
19%
G7 Guy
19%
G11 Kettil
19%
G15 Odin
19%
G19 Ted
19%
G21 Valfrid
19%
G5 Egil
18%
G5 Eirik
18%
G5 Engelbert
18%
G18 Styrbjörn
18%
G19 Tord
18%
G5 Erland
17%
G13 Melker
17%
G18 Sune
17%
G7 Gottfrid
16%
G5 Engelbrekt
15%
G6 Fjalar
15%
G13 Malte
15%
G18 Sigurd
15%
G21 Vincent
15%
G7 Germund
14%
G21 Vidar
14%
G8 Hilding
13%
G12 Lorentz
13%
G15 Orvar
13%
G18 Selim
13%
G5 Evald
12%
G7 Gregorius
12%
G17 Ragnvald
12%
G18 Sverker
12%
G6 Fritjof
11%
G7 Greger
11%
G17 Reinhold
11%
G21 Viking
11%
G22 Öjvind
10%
G18 Sigvard
10%
G19 Torgny
10%
G19 Torkel
10%
G19 Tryggve
10%
G5 Elof
9%
G5 Enar
9%
G18 Severin
9%
G19 Torolf
9%
G6 Frejvid
8%
G7 Gudmund
8%
G22 Yngvar
8%
G7 Grels
7%
G21 Volmar
7%
Ehtoja vastaavia visoja ei löytynyt
Tulosjakauma
Jokaisen tuloksen saaneiden osuus
Persentiili vastausten määrän mukaan
Tuloshistoriasi
Et ole pelannut tätä visaa